00573cam a22001931 4500008004100000100001700041245008100058260004100139300003400180500003700214650001300251650002100264650002300285650002100308650002300329003000100352005001700353040000900370 1 aDavey, W. W.10aCompanion to surgery in Africac[by] W. W. Davey; foreword by D. P. Burkitt. aLondon :bE. & S. Livingstone,c1968 axix, 356 p. :bill. ,c26 cm. aTables and bibliog. on endpaper. 0aSurgery. 0aSurgeryzAfrica. 0aTropical medicine. 2aGeneral Surgery. 2aTropical Medicine.20230123122153.0 cNUST